000 00784naa a2200229 4500
001 19954
003 OSt
005 20240425105620.0
007 tu
008 190527|||||||||||| ger
040 _aDE-2950
_cDE-2950
245 0 0 _aVom Ballhaus Wilhelmslust zum St. Josefsheim /
_cBernhard Klemm
260 _c2023
490 _aMitteilungen Historischer Verein zu Frankfurt (Oder) e.V.;
_vH. 2. 2023
546 _adeutsch
653 _aFrankfurt (Oder)
653 _aSt. Josefsheim
653 _aAdler, Heinz 1943-2021; Sozialarbeiter
653 _aTauscher, Anna Maria 1855-1938; Mutter Maria-Teresa vom heiligen Josef
773 0 _dFrankfurt (Oder)
_gHeft 2/2023, S.2-15: Abb.
_tMitteilungen Historischer Verein zu Frankfurt (Oder) e. V
_w11310
942 _2z
_cA
999 _c373109
_d373109